Taylor Swift - What Album Is This Song From? #3 - Statistics

General Stats
  • This quiz has been taken 51 times
  • The average score is 10 of 11
Answer Stats
Hint Answer % Correct
Wildest Dreams 1989
96%
White Horse Fearless
96%
The Man Lover
96%
Bejeweled Midnights
96%
Call It What You Want reputation
96%
Teardrops On My Guitar Taylor Swift
96%
Florida!!! The Tortured Poets Department
96%
ivy evermore
92%
invisible string folklore
92%
Superman Speak Now
92%
I Almost Do Red
84%
No matching quizzes found
Score Distribution
Percent of People with Each Score
Percentile by Number Answered
Your Score History
You have not taken this quiz